MARC details
| 000 -CABECERA |
| campo de control de longitud fija |
01214nam a2200325 a 4500 |
| 001 - NÚMERO DE CONTROL |
| campo de control |
000023412 |
| 003 - IDENTIFICADOR DEL NÚMERO DE CONTROL |
| campo de control |
DO-SdBNP |
| 005 - FECHA Y HORA DE LA ÚLTIMA TRANSACCIÓN |
| campo de control |
20251104113514.0 |
| 008 - DATOS DE LONGITUD FIJA--INFORMACIÓN GENERAL |
| campo de control de longitud fija |
101206s1981 sp ab r 000 0 spa d |
| 020 ## - NÚMERO INTERNACIONAL ESTÁNDAR DEL LIBRO |
| Número Internacional Estándar del Libro |
8434419521 |
| 040 ## - FUENTE DE LA CATALOGACIÓN |
| Centro catalogador/agencia de origen |
DO-SdBNP |
| Lengua de catalogación |
spa |
| Centro/agencia transcriptor |
BNPHU |
| 049 ## - FONDOS LOCALES (OCLC) |
| Fondos de biblioteca |
BNGR |
| 082 ## - NÚMERO DE LA CLASIFICACIÓN DECIMAL DEWEY |
| Número de clasificación |
332.49 |
| Número de documento/Ítem |
V697ó, 1981 |
| 100 1# - ENTRADA PRINCIPAL--NOMBRE DE PERSONA |
| Nombre de persona |
Vilar, Pierre, |
| Fechas asociadas al nombre |
1906-2003. |
| 9 (RLIN) |
48236 |
| 245 10 - MENCIÓN DE TÍTULO |
| Título |
Oro y moneda en la historia : |
| Resto del título |
(1450-1920) / |
| Mención de responsabilidad, etc. |
Pierre Vilar ; traducción del francés de Armando Saéz Buesa y Juana Sabater Borrell ; revisado por Jordi Nadal Oller. |
| 250 ## - MENCIÓN DE EDICIÓN |
| Mención de edición |
5a ed. |
| 260 ## - PUBLICACIÓN, DISTRIBUCIÓN, ETC. |
| Lugar de publicación, distribución, etc. |
Barcelona, (España) : |
| Nombre del editor, distribuidor, etc. |
Ariel, |
| Fecha de publicación, distribución, etc. |
1981. |
| 300 ## - DESCRIPCIÓN FÍSICA |
| Extensión |
506 p. : |
| Otras características físicas |
il., mapas ; |
| Dimensiones |
20 cm. |
| 490 1# - MENCIÓN DE SERIE |
| Mención de serie |
Demos : Biblioteca de Ciencia Económica |
| 500 ## - NOTA GENERAL |
| Nota general |
Incluye referencias bibliográficas y notas al pie de las páginas |
| 650 #4 - PUNTO DE ACCESO ADICIONAL DE MATERIA--TÉRMINO DE MATERIA |
| Término de materia o nombre geográfico como elemento de entrada |
Moneda |
| Subdivisión general |
Historia |
| 9 (RLIN) |
48238 |
| 650 #4 - PUNTO DE ACCESO ADICIONAL DE MATERIA--TÉRMINO DE MATERIA |
| Término de materia o nombre geográfico como elemento de entrada |
Oro |
| Subdivisión general |
Historia |
| Subdivisión cronológica |
1450-1920 |
| 9 (RLIN) |
48239 |
| 650 #0 - PUNTO DE ACCESO ADICIONAL DE MATERIA--TÉRMINO DE MATERIA |
| Término de materia o nombre geográfico como elemento de entrada |
Política monetaria |
| 9 (RLIN) |
30588 |
| 650 #0 - PUNTO DE ACCESO ADICIONAL DE MATERIA--TÉRMINO DE MATERIA |
| Término de materia o nombre geográfico como elemento de entrada |
Historia económica |
| 9 (RLIN) |
1620 |
| 700 1# - PUNTO DE ACCESO ADICIONAL--NOMBRE DE PERSONA |
| Nombre de persona |
Sáez, Buesa, Armando |
| Término indicativo de función/relación |
tr. |
| 9 (RLIN) |
48240 |
| 700 1# - PUNTO DE ACCESO ADICIONAL--NOMBRE DE PERSONA |
| Nombre de persona |
Sabater Borrell, Juana |
| Término indicativo de función/relación |
tr. |
| 9 (RLIN) |
48241 |
| 700 1# - PUNTO DE ACCESO ADICIONAL--NOMBRE DE PERSONA |
| Nombre de persona |
Nadal, Jordi (Nadal Oller) |
| 9 (RLIN) |
48242 |
| 830 #0 - PUNTO DE ACCESO ADICIONAL DE SERIE-TÍTULO UNIFORME |
| Título uniforme |
Demos : Biblioteca de Ciencia Económica |
| 9 (RLIN) |
48243 |
| 942 ## - ELEMENTOS DE PUNTO DE ACCESO ADICIONAL (KOHA) |
| Fuente del sistema de clasificación o colocación |
Dewey Decimal Classification |
| Tipo de ítem Koha |
Libro |